[Event "Asian Schools-ch 14th U17"]
[Site "Waskaduwa"]
[Date "2018.08.09"]
[Round "2.3"]
[White "Naushad, Thalaal"]
[Black "Jayawardana, Lasal"]
[Result "0-1"]
[WhiteElo "1552"]
[BlackElo "1807"]
[PlyCount "70"]
[EventDate "2018.08.09"]
[EventType "swiss"]
[EventRounds "9"]
[EventCountry "SRI"]
[SourceTitle "EXT 2024"]
[Source "ChessBase"]
[SourceDate "2023.10.10"]
[SourceVersion "1"]
[SourceVersionDate "2023.10.10"]
[SourceQuality "1"]

1. d4 Nf6 2. c4 e6 3. Nc3 Bb4 4. f3 0-0 5. a3 Bxc3+ 6. bxc3 d5 7. cxd5 exd5 8. e3 c5 9. Bd3 Re8 10. Ne2 Nc6 11. 0-0 Ne7 12. dxc5 Qa5 13. Kh1 Qxc5 14. Qc2 Bd7 15. Rb1 b6 16. c4 Rac8 17. Rd1 dxc4 18. Bxh7+ Nxh7 19. Rxd7 Rcd8 20. Rxd8 Rxd8 21. Ra1 b5 22. Nd4 a6 23. Rb1 Nf5 24. Nxf5 Qxf5 25. e4 Qd7 26. Bb2 Ng5 27. Kg1 Ne6 28. Qc3 f6 29. Qe3 Qd2 30. Qxd2 Rxd2 31. Bc3 Rc2 32. Bb4 Nf4 33. g3 Nd3 34. a4 c3 35. Ba3 b4 0-1

[Event "Negombo op 3rd"]
[Site "Negambo"]
[Date "2017.08.23"]
[Round "7"]
[White "Naushad, Thalaal"]
[Black "Nanayakkara, JAG Ganganath"]
[Result "1-0"]
[WhiteElo "1461"]
[BlackElo "1632"]
[PlyCount "100"]
[EventDate "2017.08.20"]
[EventType "swiss"]
[EventRounds "10"]
[EventCountry "SRI"]
[SourceTitle "CBM 180 Extra"]
[Source "ChessBase"]
[SourceDate "2017.10.06"]
[SourceVersion "1"]
[SourceVersionDate "2017.10.06"]
[SourceQuality "1"]

1. d4 Nf6 2. c4 g6 3. Nc3 Bg7 4. e4 d6 5. f3 0-0 6. Be3 e5 7. d5 Ne8 8. Qd2 f5 9. exf5 Bxf5 10. g4 Bxg4 11. fxg4 Qh4+ 12. Bf2 Qxg4 13. h3 Qf5 14. Bd3 Qf7 15. Ne4 Nd7 16. Be3 Nc5 17. Nxc5 dxc5 18. 0-0-0 Nd6 19. Bxc5 e4 20. Bxd6 cxd6 21. Bxe4 Rac8 22. Bd3 b5 23. Ne2 bxc4 24. Bb1 c3 25. Nxc3 Qc7 26. Rhf1 Rfe8 27. Rde1 Be5 28. Bc2 Qb6 29. Re4 Qc5 30. Rfe1 Rf8 31. Ba4 Bxc3 32. bxc3 Rb8 33. Bb3 a5 34. Rc4 Qb6 35. Qd4 Qb7 36. Qh4 Rf7 37. Rce4 Rbf8 38. Re8 Qc7 39. Rxf8+ Rxf8 40. Kb2 Qc5 41. Qd4 Qc7 42. a3 Qf7 43. Qe3 a4 44. Bxa4 Qb7+ 45. Bb3 Rf7 46. Qe2 Kg7 47. Qd2 Qb6 48. Re2 Kf8 49. Qh6+ Rg7 50. Qg5 Rf7 1-0